00958nam a2200229 a 450000100060000000300090000600800410001504000280005608200140008411000560009824500420015426000730019630000070026949000290027659000190030565000620032465000330038694200120041999900170043195201400044895201400058814173CO-ViMGA141112s2004 ck r 000 u spa d aCO-ViMGAbspacCO-ViMGA04a170 C656e aColombia. Ministerio de educación Nacional91200310aeducación ética y valores humanos aSantafé de Bogotá : bMinisterio de educación Nacional, c1998 a95 aLineamentos curriculares aEjemplares : 214aCAPACITACION DOCENTES EN ética Y VALORES HUMANOS92072114aética - ENSEÑANZA920722 2ddccBK c24872d24872 00102ddc40708003aMEVIECARbMEVIECARd2015-12-04h11/jun/2009l0o170 C656e p14173 - 1r2019-04-15 00:00:00tEj. 1w2015-12-04yBK 00102ddc40708003aMEVIECARbMEVIECARd2015-12-04h12/ago/2013l0o170 C656e p14173 - 2r2015-12-04 00:00:00tEj. 2w2015-12-04yBK